Cắt bao qui đầu ở nam giới không có tác động ngăn chặn nhiễm HIV cho bạn tình nữ /

שמור ב:
מידע ביבליוגרפי
מחבר ראשי: Văn Khôi.
פורמט: Bài viết
שפה:Vietnamese
נושאים:
HIV
תגים: הוספת תג
אין תגיות, היה/י הראשונ/ה לתייג את הרשומה!
Thư viện lưu trữ: Thư viện Trường Đại học Đà Lạt
LEADER 00779nam a2200265 4500
001 DLU100110192
005 ##2010072
040 # # |a DLU  |b vie 
041 # # |a vie 
044 # # |a vn 
100 # # |a Văn Khôi. 
245 # # |a Cắt bao qui đầu ở nam giới không có tác động ngăn chặn nhiễm HIV cho bạn tình nữ /  |a Văn Khôi. 
653 # # |a Hội thảo khoa học 
653 # # |a HIV 
653 # # |a Nhiễm bệnh 
773 # # |t AIDS và cộng đồng  |g Số4(111), 2008, tr. 26 
920 # # |a Phòng Tạp chí -- Trung tâm Thông tin - Thư viện Trường Đại học Đà Lạt 
994 # # |a DLU 
900 # # |a True 
911 # # |a Nguyễn Thị Linh Chi 
925 # # |a G 
926 # # |a A 
927 # # |a BB 
980 # # |a Thư viện Trường Đại học Đà Lạt